00445pam a2200181 i 4500001000800000005001700008008004100025010001700066020002500083040001800108041000800126080001600134082001600150100000600166101000800172245005100180504003200231130287820180223084228.0770506s1977 nyua b 001 0 eng  a 77005984  a0394411595 :c$10.00 aDLCcDLCdDLC aeng a796.426 FIX00a796.426 FIX1 a8 aEKF14aThe complete book of running /cJames F. Fixx. aBibliography: p. [290]-306.